• 首页
  • 本馆介绍
  • 公告通知
  • 最新文献
  • 馆藏检索
  • 电子资源
  • 读者导购
  • 参考咨询
  • 我的图书馆
  • 登录
  • 详细信息显示
  • 放入我的书架
  • 预约/预借图书
  • 作者相关作品
  • 分类相关作品
  • 丛书相关作品
  • 出版社相关作品

书目信息

  • 表格格式
  • 工作单格式
  • 卡片格式
题名:
基因定位调控植物生长与性状原理与技术
    
 
作者: 陆海 , 蒋湘宁 著
分册:  
出版信息: 北京   中国环境科学出版社  2005
页数: 148页
开本: 20cm
丛书名: 北京林业大学优秀博士论文基金资助丛书
单 册:
中图分类: S718.46
科图分类:
主题词: 树木学--植物遗传学--研究 , 树木学 , 植物遗传学
电子资源:
ISBN: 7-80209-129-2
000 01272nam0 2200313 450
001 010060008811
005 20061205094207.76
010    @a7-80209-129-2@dCNY20.00,CNY60.00(全3册)
100    @a20051105d2005 em y0chiy0110 ea
101 0  @achi
102    @aCN@b110000
105    @aak z 000yy
200 1  @a基因定位调控植物生长与性状原理与技术@9ji yin ding wei diao kong zhi wu sheng chang yu xing zhuang yuan li yu ji shu@f陆海,蒋湘宁著
210    @a北京@c中国环境科学出版社@d2005
215    @a148页@c图@d20cm
225 2  @a北京林业大学优秀博士论文基金资助丛书
308    @a丛书第3辑
314    @a陆海,1974年6月出生,江苏省张家港人,从事植物分子生物学方向的研究,在国内外发表学术论文20余篇。
314    @a蒋湘宁,湖南长沙人,1958年4月26日生,教授,发表学术论文70余篇。
330    @a本书包括维管组织定位表达启动子研究;4-香豆素辅酶A-连接酶1(4CL1)基因克隆表达、分离纯化与结构模型的构建;形成层定位启动子表达4CL1基因调控植物木质素代谢途径研究等。
461  0 @12001 @a北京林业大学优秀博士论文基金资助丛书
606 0  @a树木学@x植物遗传学@x研究
606 0  @a树木学
606 0  @a植物遗传学
690    @aS718.46@v4
701  0 @a陆海@9lu hai@4著
701  0 @a蒋湘宁@9jiang xiang ning@4著
801  0 @aCN@bRENTIAN@c20061205
905    @a10447@dS718.46@e22
    
    基因定位调控植物生长与性状原理与技术/陆海,蒋湘宁著.-北京:中国环境科学出版社,2005
    148页:图;20cm.-(北京林业大学优秀博士论文基金资助丛书)
    
    
    ISBN 7-80209-129-2:CNY20.00,CNY60.00(全3册)
    本书包括维管组织定位表达启动子研究;4-香豆素辅酶A-连接酶1(4CL1)基因克隆表达、分离纯化与结构模型的构建;形成层定位启动子表达4CL1基因调控植物木质素代谢途径研究等。
●
相关链接 在E读中查询图书 在五车中查询图书 在当当中查询图书 在豆瓣中查询图书


正题名:基因定位调控植物生长与性状原理与技术     索取号:S718.46/22         预约/预借

序号 登录号 条形码 馆藏地/架位号 状态 备注
1 0381974   203819742   第二样本阅览室/ [索取号:S718.46/22] 在馆    
2 0381975   203819751   第三借阅区/ [索取号:S718.46/22] 在馆    
3 0381976   203819760   第三借阅区/ [索取号:S718.46/22] 在馆    
4 0381977   203819779   第三借阅区/ [索取号:S718.46/22] 在馆    
5 0381978   203819788   第三借阅区/ [索取号:S718.46/22] 在馆    
6 0605346   206053465   第三借阅区/ [索取号:S718.46/22] 在馆    
7 0605347   206053474   第三借阅区/ [索取号:S718.46/22] 在馆    
8 0605348   206053483   第三借阅区/ [索取号:S718.46/22] 在馆    
唐山师范学院图书馆 欢迎您!
大连网信软件有限公司© 版权所有